Statistics for Guess The City In The Picture *Extreme*

Click here to take the quiz!

General Stats

  • This quiz has been taken 13 times
  • The average score is 5 of 16

Answer Stats

Answer% Correct
Reykjavik
62%
Calgary
54%
Atlanta
46%
Delhi
46%
Kiev
38%
Cancun/Merida
31%
Philadelphia
31%
Salisbury,UK
31%
Brussels
23%
Osaka
23%
Xian
23%
Banff
15%
Denver
15%
Nuuk
15%
Anahiem
8%
Glasgow
8%

Score Distribution

Percentile by Number Answered

Percent of People with Each Score

Your Score History

You have not taken this quiz